00671nam a2200229 a 4500001001300000003000900013005001700022008004100039020001000080082001700090100002900107245002100136260003600157300000800193500003500201650002900236700002900265902000800294942000700302952011700309999001500426nice12345678IN_TiNIC20260116011857.0050524s2000 alla grp 000 0 urd  ac10000a297.64bMAH2 aMahmood-Ul- Iqbad, Abbas aSeerat-E-aye Sha aAllahabad bNo Publisher c2000 a20p aincludes index and biblioraphy aMuhammad, Prophet-Family1 aMahmood-Ul- Iqbad, Abbas bSRS cBK 001040708StackRoom-aHMIbHMId2010-02-10g100.00l0o297.64 MAH2p08976r2010-02-10v100.00w2005-05-24yBK c4645d4645